000
00323pab a2200121 454500
008
180718b1985 xxu||||| |||| 00| 0 eng d
245
_a
Special issue on health care for an aging population
260
_c
1985
300
_a
225-293
650
_a
Health Services
773
_a
Socio - Economic Planning Sciences
909
_a
9656
999
_c
9656
_d
9656